000 00307cam a2200121ua 4500
082 _a823.308
_bELI/MI
100 _aEliot, George.
_91934
245 _aMiddlemarch : A study of Provincial Life /
250 _a1 /
260 _aLondon :
_bOxford University Press ,
_c1963.
300 _a396 ; .
942 _cBK
999 _c6903
_d6903